Vista normal
Vista MARC
Entrada Personal Name
Número de registros utilizados en: 1
001 - CONTROL NUMBER
- control field: 16518
003 - CONTROL NUMBER IDENTIFIER
- control field: DLC
005 - DATE AND TIME OF LATEST TRANSACTION
- control field: 20241126115412.0
008 - FIXED-LENGTH DATA ELEMENTS
- fixed length control field: 071107n| azannaabn |a aaa c
010 ## - LIBRARY OF CONGRESS CONTROL NUMBER
- LC control number: no2007135667
035 ## - SYSTEM CONTROL NUMBER
- System control number: (CaEvSKY)skya8294367
035 ## - SYSTEM CONTROL NUMBER
- System control number: (OCoLC)oca07575629
040 ## - CATALOGING SOURCE
- Original cataloging agency: MX-AgUA
- Language of cataloging: spa
- Description conventions: rda
- Transcribing agency: Mx-PuUPA
- Modifying agency: MX-SlUA
- Modifying agency: OCoLC
- Modifying agency: Mx-PuUPA
100 1# - HEADING--PERSONAL NAME
- Personal name: Serer Figueroa, Marcos,
373 ## - ASSOCIATED GROUP
- Associated group: Universidad Politécnica de Cataluña
- Associated group: Universidad de Barcelona
- Source of term: naf
374 ## - OCCUPATION
- Occupation: Profesor universitario
- Source of term: lcsh
374 ## - OCCUPATION
- Occupation: Autor
- Source of term: lcsh
375 ## - GENDER
- Gender: hombre
- Source of term: lcdgt
377 ## - ASSOCIATED LANGUAGE
- Language code: spa
400 1# - SEE FROM TRACING--PERSONAL NAME
- Personal name: Figueroa, Marcos Serer
400 1# - SEE FROM TRACING--PERSONAL NAME
- Personal name: Serer, Marcos
670 ## - SOURCE DATA FOUND
- Source citation: Gestión integrada de proyectos, 2001:
- Information found: t.p. (Marcos Serer Figueroa) flaps (Marcos Serer)
670 ## - SOURCE DATA FOUND
- Source citation: Gestión integrada de proyectos, 2020:
- Information found: title page (Marcos Serer Figueroa) cover (He is a Doctor from the Polytechnic University of Catalonia (UPC) and an Industrial Engineer from the Escola Técnica Superior d'Engrinyers Industrials de Barcelona (ETSEIB))